La entrevista psicológica

Guardat en:
Dades bibliogràfiques
Autor principal: Nahoum, Charles (autor)
Format: Llibre
Idioma:espanyol
Publicat: Buenos Aires Kapelusz 1961
Col·lecció:Biblioteca de psicología contemporanea
Matèries:
Etiquetes: Afegir etiqueta
Sense etiquetes, Sigues el primer a etiquetar aquest registre!

MARC

LEADER 00000nam a2200000 a 4500
001 UCY4050
003 CL-VaPUC
008 950126e19610000AG |||||||||||||||||spa|d
082 0 4 |a 158.3  |b NAH  |2 21 
100 |a Nahoum, Charles  |e autor  |9 332450 
245 1 3 |a La entrevista psicológica 
300 |a 169 p 
942 |c BK 
945 |d 19950126 00:00:00  |a rbrito 
260 |a Buenos Aires  |b Kapelusz  |c 1961 
650 7 |a ENTREVISTA PSICOLOGICA  |2 CL-VaPUC  |9 332451 
583 |a last modification  |c 19950126 00:00:00  |k Rodrigo Vera 
490 0 |a Biblioteca de psicología contemporanea 
999 |c 232022  |d 232020 
952 |0 0  |1 0  |4 0  |6 158_300000000000000_NAH_1961  |7 0  |8 P  |9 235990  |a BIBEDU  |b BIBEDU  |c BIBEDU_PB  |d 2019-11-15  |i 3058581  |o 158.3 NAH 1961  |p 3058581  |r 2024-01-25  |w 2019-11-15  |y BK  |k EDU